| 000 | 00583nam a22002177a 4500 | ||
|---|---|---|---|
| 005 | 20170124110241.0 | ||
| 010 | _a183466 | ||
| 020 | _c00.00 | ||
| 035 | _a183466 | ||
| 037 | _bCen Lib/Ret | ||
| 040 |
_aDPL _bEN |
||
| 082 |
_a914.98 _bCAM |
||
| 100 |
_aCamilar, Eusebiu _995033 |
||
| 245 |
_aThe bisarita valley / _cby Eusebiu Camilar |
||
| 260 |
_bBucharest _aLanguage Publishing House |
||
| 270 | _bBucharest | ||
| 300 |
_a92p. _c27cm(Hb) _bill. |
||
| 650 |
_aWorld history _995034 |
||
| 650 |
_aHistory, Ancient _987744 |
||
| 942 |
_2ddc _cEN _h914.98 _mCAM |
||
| 999 |
_c135191 _d135191 |
||